Monetary survey

Na minha lista:
Detalhes bibliográficos
Formato: Periódico
Idioma:inglês
Publicado em: Bratislava Národná banka Slovenska 1999
Assuntos:
Tags: Adicionar Tag
Sem tags, seja o primeiro a adicionar uma tag!

MARC

LEADER 00000nas2a2200000 4500
001 s124062
005 20221220131033.9
041 0 |a eng 
044 |a SK 
245 1 0 |a Monetary survey 
264 1 |a Bratislava  |b Národná banka Slovenska  |c 1999 
300 |a 1 zv. 
500 |a chýba č. 1 
773 0 |w eu_un_cat*s120539 
610 2 0 |a banky 
610 2 0 |a mena 
610 2 0 |a Slovensko 
610 2 0 |a NBS Bratislava